000
00227 a2200109 4500
001
63426
082
_a
823 STE
090
_c
37483
_d
37483
100
_a
Stevenson, R.L
245
_a
Kidnapped
_h
English
260
_b
Penguim Books
942
_a
CAE NUST
_k
823 STE
999
_c
298499
_d
298499